Italian Words - Meanings by Images Quiz Stats

 Plays Quiz Updated Apr 30, 2019

Score 0/18 Timer 06:00
25 Plays Today
Question Answer Wrong Answers
Automobile Automobile (Car)
91.8%
Cellulare (Mobile Phone)
5.3%
Sinfonia Sinfonia (Symphony)
91.1%
Peccaminoso (Sinful)
5.8%
Dentista Dentista (Dentist)
90.8%
Ammaccato (Dented)
6.2%
Pane Pane (Bread)
90.5%
Vetro (Pane)
6.6%
Animali Animali (Animals)
89.7%
Animato (Animated)
7.4%
Sale Sale (Salt)
87.9%
Saldi (Sale)
9.2%
Giardino Giardino (Garden)
85.3%
Barattolini (Little Jars)
11.6%
Cane Cane (Dog)
81.7%
Bastone (Cane)
15.3%
Radio Radio (Radio)
78.9%
Radioattivo (Radioactive)
18.2%
Deserto Deserto (Desert)
73%
Dolce (Dessert)
24%
Firma Firma (Signature)
66%
Azienda (Firm)
31%
Ufficio Ufficio (Office)
62.9%
Arbitro (Umpire)
34.1%
Scala Scala (Ladder)
60.9%
Scuola (School)
36.2%
Stiletto Stiletto (Dagger)
58.5%
Scarpe con Tacchi Alti (Stiletto Heels)
38.4%
Annoiato Annoiato (Bored)
46.3%
Infastidito (Annoyed)
50.5%
Porto Porto (Port)
44.2%
Porta (Door)
53.1%
Camera Camera (Room)
41.5%
Macchina Fotografica (Camera)
55.8%
Morbido Morbido (Soft)
27.6%
Morboso (Morbid)
69.5%

You're not logged in!

Compare scores with friends on all Sporcle quizzes.
OR
Log In

Show Comments

Extras

Top Quizzes Today


Score Distribution

Your Account Isn't Verified!

In order to create a playlist on Sporcle, you need to verify the email address you used during registration. Go to your Sporcle Settings to finish the process.

Report this User

Report this user for behavior that violates our Community Guidelines.

Details: